Carbohydrate chemistry : (Record no. 49719)

MARC details
000 -LEADER
fixed length control field 02725cam a2200385 a 4500
003 - CONTROL NUMBER IDENTIFIER
control field WSP
005 - DATE AND TIME OF LATEST TRANSACTION
control field 20260416153406.0
008 - FIXED-LENGTH DATA ELEMENTS--GENERAL INFORMATION
fixed length control field 150820s2016 enka ob 001 0 eng d
020 ## - INTERNATIONAL STANDARD BOOK NUMBER
International Standard Book Number 9781783267200
-- (ebook)
020 ## - INTERNATIONAL STANDARD BOOK NUMBER
International Standard Book Number 1783267208
-- (ebook)
020 ## - INTERNATIONAL STANDARD BOOK NUMBER
Cancelled/invalid ISBN 9781783267194
020 ## - INTERNATIONAL STANDARD BOOK NUMBER
Cancelled/invalid ISBN 1783267194
082 04 - DEWEY DECIMAL CLASSIFICATION NUMBER
Classification number 612/.01578
Edition number 23
245 00 - TITLE STATEMENT
Title Carbohydrate chemistry :
Remainder of title state of the art and challenges for drug development : an overview on structure, biological roles, synthetic methods, and application as therapeutics /
Statement of responsibility, etc edited by Laura Cipolla.
260 ## - PUBLICATION, DISTRIBUTION, ETC. (IMPRINT)
Place of publication, distribution, etc London :
Name of publisher, distributor, etc Imperial College Press,
Date of publication, distribution, etc ©2016.
300 ## - PHYSICAL DESCRIPTION
Extent 1 online resource (xxviii, 506 p.) :
Other physical details ill. (some col.)
500 ## - GENERAL NOTE
General note Title from PDF file title page (viewed September 14, 2015).
520 ## - SUMMARY, ETC.
Summary, etc "The structural complexity and the synthetic challenges facing glycans have historically hampered efforts to study their multifaceted roles and the application of carbohydrates in drug development. However, in very recent years, new synthetic techniques flanked by the growing knowledge about carbohydrate involvement in physiological and pathological states has spurred renewed interest in the chemistry, biology and therapeutic potentialities of carbohydrates. This book offers an overview of key aspects of carbohydrate biology and chemistry that are fundamental for the design of novel therapeutics. The four-part structure of this book introduces these essential components to life, starting from their structure and biological roles and covering analytical methods and synthesis which pave the way for the development of a wide range of therapeutic applications. Leading experts from around the world are brought together to offer their recent research with the ultimate aim of enlightening the reader on the complex yet exciting field of carbohydrate chemistry. Academic and industrial researchers in structural biology, drug discovery and carbohydrate chemistry will find this book an essential guide to the latest research and future potential of medicinal chemistry."--
650 #0 - SUBJECT ADDED ENTRY--TOPICAL TERM
Topical term or geographic name as entry element Carbohydrates
650 #0 - SUBJECT ADDED ENTRY--TOPICAL TERM
Topical term or geographic name as entry element Pharmaceutical chemistry.
650 #0 - SUBJECT ADDED ENTRY--TOPICAL TERM
Topical term or geographic name as entry element Drug development.
700 1# - ADDED ENTRY--PERSONAL NAME
Personal name Cipolla, Laura,
856 40 - ELECTRONIC LOCATION AND ACCESS
Uniform Resource Identifier <a href="https://www.worldscientific.com/worldscibooks/10.1142/P1013#t=toc">https://www.worldscientific.com/worldscibooks/10.1142/P1013#t=toc</a>
942 ## - ADDED ENTRY ELEMENTS (KOHA)
Koha item type Electronic Books
538 ## - SYSTEM DETAILS NOTE
System details note Mode of access: World Wide Web.
533 ## - REPRODUCTION NOTE
Type of reproduction Electronic reproduction.
Place of reproduction Singapore :
Agency responsible for reproduction World Scientific,
Date of reproduction [2015].
520 ## - SUMMARY, ETC.
-- Provided by publisher.
504 ## - BIBLIOGRAPHY, ETC. NOTE
Bibliography, etc Includes bibliographical references and index.
650 #0 - SUBJECT ADDED ENTRY--TOPICAL TERM
General subdivision Synthesis.
655 #0 - INDEX TERM--GENRE/FORM
Genre/form data or focus term Electronic books.
700 1# - ADDED ENTRY--PERSONAL NAME
Dates associated with a name 1968-
Holdings
Withdrawn status Lost status Source of classification or shelving scheme Damaged status Not for loan Home library Location Date of Cataloging Total Checkouts Full call number Barcode Date last seen Uniform Resource Identifier Price effective from Koha item type
    Dewey Decimal Classification     CUTN Central Library CUTN Central Library 16/04/2026   612/.01578 EB04938 16/04/2026 https://doi.org/10.1142/p1013 16/04/2026 Electronic Books